[Event "Slighty Up-Tempo Chess"]
[Site "SchemingMind.com"]
[Date "2013.04.26"]
[Round "-"]
[White "Phillip Beckett"]
[Black "Austin Lockwood"]
[Result "1-0"]
[WhiteCountry "ENG"]
[BlackCountry "ENG"]
[WhiteElo "1562"]
[WhiteRD "48"]
[BlackElo "1721"]
[BlackRD "110"]
[GameID "330919"]

1. e4 c5 2. Nf3 d6 3. d4 cxd4 4. Nxd4 Nf6 5. Nc3 e6 6. Be2 a6 7. O-O Be7 8. f4 O-O 9. Kh1 Nc6 10. Be3 d5
11. e5 Ne4 12. Nxe4 dxe4 13. Nxc6 bxc6 14. Qxd8 Rxd8 15. Rad1 Rxd1 16. Rxd1 Rb8 17. b3 c5 18. Kg1 h6 19. Kf2 Bb7 20. Rd7 Rd8
21. Rxe7 Bc6 22. Rc7 Bb5 23. c4 Bd7 24. Bxc5
1-0

[Event "Slighty Up-Tempo Chess"]
[Site "SchemingMind.com"]
[Date "2013.04.26"]
[Round "-"]
[White "Austin Lockwood"]
[Black "Phillip Beckett"]
[Result "0-1"]
[WhiteCountry "ENG"]
[BlackCountry "ENG"]
[WhiteElo "1721"]
[WhiteRD "110"]
[BlackElo "1562"]
[BlackRD "48"]
[GameID "330920"]

1. f4 e5 2. fxe5 d6 3. exd6 Bxd6 4. g3 h5 5. Bh3 Bxh3 6. Nxh3 Nf6 7. d3 h4 8. Bf4 hxg3 9. hxg3 Bxf4 10. gxf4 Qd5
11. e4 Qd4 12. Nd2 Qe3+ 13. Qe2 Rxh3 14. Rxh3 Qxh3 15. O-O-O Nc6 16. Rg1 g6 17. f5 gxf5 18. exf5+ Kd7 19. Ne4 Nxe4 20. dxe4 Re8
21. Qd3+ Qxd3 22. cxd3 Rh8
0-1

[Event "Slighty Up-Tempo Chess"]
[Site "SchemingMind.com"]
[Date "2013.04.29"]
[Round "-"]
[White "berns"]
[Black "Clive Everill"]
[Result "0-1"]
[WhiteCountry "ENG"]
[BlackCountry "CZE"]
[WhiteElo "1603"]
[WhiteRD "102"]
[BlackElo "1698"]
[BlackRD "55"]
[GameID "330999"]

1. d4 Nf6 2. c3 e6 3. Bg5 h6 4. Bxf6 Qxf6 5. Nf3 c5 6. e3 Nc6 7. Bb5 Nd8 8. Nbd2 a6 9. Qa4 Be7 10. Ne5 Nc6
11. f4 Rb8 12. Bxc6 bxc6 13. O-O-O cxd4 14. cxd4 Rb4 15. Qa5 O-O 16. a3 Rb5 17. Qa4 Qf5 18. b4 f6 19. Nef3 Qd3 20. Rhe1 Qc3+
21. Qc2 Qxa3+ 22. Qb2 Qxb4 23. Qxb4 Bxb4 24. Re2 Bb7 25. Ne1 Rb8 26. Nc4 d5 27. Nb2 Ba3 28. Rdd2 Bc8 29. Nd3 e5 30. dxe5 fxe5
31. Nxe5 Bf5 32. h3 Rc5+ 33. Kd1 Rcb5 34. Nxc6 R8b7 35. Nd4 Rxb2 36. Rxb2 Bxb2 37. Nxf5 a5 38. Ne7+ Rxe7 39. Rxb2 Rxe3 40. Ra2 Re4
41. Rxa5 Rxf4 42. Rxd5 Ra4 43. Ke2 g5 44. Rd6 Kg7 45. Kf2 Ra2+ 46. Kg3 Ra3+ 47. Kh2 h5 48. Rd5 Kg6 49. Rb5 h4 50. Kg1 Ra4
51. Kf2 Ra2+ 52. Kf3 Ra3+= 53. Kf2 Ra2+= 54. Kg1 Ra1+= 55. Kh2 Ra2 56. Rb6+ Kf5 57. Rb3 Ra4 58. Rf3+ Kg6 59. Rb3 g4 60. hxg4 Rxg4
61. Kh3 Rc4 62. Rb8 Kh5 63. Rg8 Rc3+
0-1

[Event "Slighty Up-Tempo Chess"]
[Site "SchemingMind.com"]
[Date "2013.04.29"]
[Round "-"]
[White "Clive Everill"]
[Black "berns"]
[Result "1-0"]
[WhiteCountry "CZE"]
[BlackCountry "ENG"]
[WhiteElo "1703"]
[WhiteRD "55"]
[BlackElo "1577"]
[BlackRD "114"]
[GameID "331003"]

1. e4 e5 2. f4 d6 3. Nf3 Bg4 4. Nc3 Nf6 5. h3 Bxf3 6. Qxf3 Nc6 7. Bb5 Be7 8. d3 O-O 9. Bxc6 bxc6 10. O-O g6
11. f5 Nd7 12. Bh6 Re8 13. fxg6 fxg6 14. Qf7+
1-0

[Event "Slighty Up-Tempo Chess"]
[Site "SchemingMind.com"]
[Date "2013.04.30"]
[Round "-"]
[White "eun77"]
[Black "kenneth m day"]
[Result "0-1"]
[WhiteCountry "ISR"]
[BlackCountry "USA"]
[WhiteElo "1373"]
[WhiteRD "54"]
[BlackElo "1768"]
[BlackRD "51"]
[GameID "331146"]

1. d4 Nf6 2. e3 d5 3. h3 Bf5 4. Nf3 e6 5. Be2 Bd6 6. O-O h6 7. Nh2 Nbd7 8. Bg4 Ne4 9. Bxf5 exf5 10. Nc3 h5
11. Nxe4 fxe4 12. f4 Qe7 13. a4 O-O-O 14. c3 g5 15. fxg5 Qxg5 16. Re1 Qg3 17. Nf1 Qh4 18. Qe2 Rhg8 19. Qf2 Qxh3 20. Nd2 Qh2+
21. Kf1 Bg3 22. Qg1 Qxg1+ 23. Kxg1 Bxe1 24. Kf1 Bxd2 25. Bxd2 Rdf8 26. Kf2 Nb6 27. Rh1 Rh8 28. b3 f5 29. g3 Nd7 30. a5 Nf6
31. c4 dxc4 32. bxc4 Rh7 33. Be1 Rfh8 34. Ke2 Ng4 35. c5 b6 36. cxb6 axb6 37. axb6 cxb6 38. Bc3 Rc7 39. Rc1 Rh6 40. Kd2 Rhc6
41. Rc2 Nf6 42. Rc1 Nd5 43. Bb2 Rxc1 44. Bxc1 Nxe3 45. Kxe3 Rxc1 46. Kf4 Rf1+ 47. Ke3 Rf3+ 48. Kd2 Rxg3
0-1

[Event "Slighty Up-Tempo Chess"]
[Site "SchemingMind.com"]
[Date "2013.04.30"]
[Round "-"]
[White "kenneth m day"]
[Black "eun77"]
[Result "1-0"]
[WhiteCountry "USA"]
[BlackCountry "ISR"]
[WhiteElo "1791"]
[WhiteRD "48"]
[BlackElo "1360"]
[BlackRD "56"]
[GameID "331152"]

1. e4 e5 2. Nf3 d6 3. d4 exd4 4. Nxd4 Nc6 5. Bc4 Nxd4 6. Qxd4 Qf6 7. Be3 Qxd4 8. Bxd4 Be6 9. Nd2 Bxc4 10. Nxc4 b6
11. O-O-O O-O-O 12. f4 Kb8 13. Ne3 Be7 14. Bxg7 Bf6 15. Bxh8 Bxh8 16. Rhe1 Ne7 17. e5 Nc6 18. Nf5 dxe5 19. Rxd8+ Nxd8 20. fxe5 Ne6
21. Ne7 c5 22. Nd5 Kc8 23. Kd2 Kd7 24. c4 Nc7 25. Kd3 Nxd5 26. cxd5 a6 27. Ke4 a5 28. Rf1 Ke7 29. Rf5 Bg7 30. Rg5 Bf8
31. Rg8 b5 32. d6+ Ke8 33. Kd5 Kd7 34. Rxf8
1-0

[Event "Slighty Up-Tempo Chess"]
[Site "SchemingMind.com"]
[Date "2013.05.02"]
[Round "-"]
[White "Scooter"]
[Black "Ebanon "]
[Result "0-1"]
[WhiteCountry "USA"]
[BlackCountry "ESP"]
[WhiteElo "1748"]
[WhiteRD "50"]
[BlackElo "2199"]
[BlackRD "82"]
[GameID "331308"]

1. d4 Nf6 2. Nf3 g6 3. Bf4 Bg7 4. e3 d6 5. Be2 O-O 6. O-O Nbd7 7. Nbd2 Re8 8. h3 e5 9. dxe5 dxe5 10. Bg5 Qe7
11. c3 a5 12. Ne4 h6 13. Bxf6 Nxf6 14. Nxf6+ Bxf6 15. Qc2 Bf5 16. e4 Be6 17. Rfd1 Qc5 18. c4 Red8 19. b3 Qa3 20. Rxd8+ Rxd8
21. Rd1 Rxd1+ 22. Bxd1 h5 23. Nd2 Bd7 24. Nb1 Qd6 25. Nc3 c6 26. Be2 Qd4 27. Qd3 Be7 28. Nd1 f5 29. Qxd4 exd4 30. Bd3 Ba3
31. exf5 gxf5 32. f4 h4 33. Kf2 c5 34. Kg1 Bc1 35. Kf2 Bxf4
0-1

[Event "Slighty Up-Tempo Chess"]
[Site "SchemingMind.com"]
[Date "2013.05.02"]
[Round "-"]
[White "Ebanon "]
[Black "Scooter"]
[Result "1-0"]
[WhiteCountry "ESP"]
[BlackCountry "USA"]
[WhiteElo "2199"]
[WhiteRD "82"]
[BlackElo "1748"]
[BlackRD "50"]
[GameID "331311"]

1. e4 c6 2. d4 d5 3. Nd2 dxe4 4. Nxe4 Bf5 5. Ng3 Bg6 6. h4 h6 7. Nf3 Nd7 8. h5 Bh7 9. Bd3 Bxd3 10. Qxd3 Qc7
11. Bd2 O-O-O 12. O-O-O Ngf6 13. Ne4 e6 14. g3 Be7 15. Bf4 Qa5 16. Nxf6 Nxf6 17. Ne5 Rhf8 18. Kb1 Nxh5 19. Rxh5 f6 20. Nxc6 Qxh5
21. g4
1-0

[Event "Slighty Up-Tempo Chess"]
[Site "SchemingMind.com"]
[Date "2013.05.05"]
[Round "-"]
[White "Black Five"]
[Black "spoke"]
[Result "1/2-1/2"]
[WhiteCountry "WLS"]
[BlackCountry "GER"]
[WhiteElo "1834"]
[WhiteRD "104"]
[BlackElo "1736"]
[BlackRD "65"]
[GameID "331459"]

1. d4 Nf6 2. c4 g6 3. Nc3 d5 4. Nf3 Bg7 5. Qb3 dxc4 6. Qxc4 Nbd7 7. Bf4 c6 8. h3 Nb6 9. Qb3 Nfd5 10. Be5 O-O
11. Bxg7 Kxg7 12. e3 Nxc3 13. bxc3 Qc7 14. Bd3 Be6 15. Qc2 Bc4 16. O-O Rad8 17. Rfd1 Bxd3 18. Rxd3 Nc4 19. Nd2 Nxd2 20. Rxd2 Rd7
21. c4 Rfd8 22. Rad1 e5 23. dxe5 Rxd2 24. Rxd2 Rxd2 25. Qxd2 Qxe5=
1/2-1/2

[Event "Slighty Up-Tempo Chess"]
[Site "SchemingMind.com"]
[Date "2013.05.05"]
[Round "-"]
[White "PunditX"]
[Black "Holty"]
[Result "1-0"]
[WhiteCountry "PHI"]
[BlackCountry "ENG"]
[WhiteElo "2212"]
[WhiteRD "95"]
[BlackElo "1624"]
[BlackRD "59"]
[GameID "331460"]

1. e4 e6 2. d4 d5 3. Nc3 dxe4 4. Nxe4 Bd7 5. Nf3 f5 6. Neg5 h6 7. Nh3 Nc6 8. Ne5 Nxe5 9. dxe5 Bc5 10. Nf4 Ne7
11. Bc4 g5 12. Nd3 Bb6 13. Qh5+ Kf8 14. Bxg5 Be8 15. Bxh6+ Kg8 16. Bxe6+ Kh7 17. Qh3 Bc6 18. Bf8+ Kg6 19. Nf4+ Kg5 20. Qg3#
1-0

[Event "Slighty Up-Tempo Chess"]
[Site "SchemingMind.com"]
[Date "2013.05.05"]
[Round "-"]
[White "spoke"]
[Black "Black Five"]
[Result "0-1"]
[WhiteCountry "GER"]
[BlackCountry "WLS"]
[WhiteElo "1736"]
[WhiteRD "65"]
[BlackElo "1834"]
[BlackRD "104"]
[GameID "331462"]

1. e4 c5 2. Nf3 d6 3. d4 cxd4 4. Nxd4 Nf6 5. Nc3 g6 6. Be3 Bg7 7. f3 Nc6 8. Qd2 Nxd4 9. Bxd4 O-O 10. O-O-O Qa5
11. Kb1 Be6 12. Nd5 Qd8 13. Nc3 a6 14. g4 b5 15. h4 h5 16. g5 Ne8 17. f4 Bg4 18. Bxg7 Nxg7 19. Be2 Bxe2 20. Qxe2 Ra7
21. e5 Rd7 22. exd6 Rxd6 23. Ne4 Rxd1+ 24. Rxd1 Qc7 25. Qf3 Rd8 26. Rxd8+ Qxd8 27. Kc1 Nf5 28. Qf2 Qd5 29. Nc3 Qh1+
0-1

[Event "Slighty Up-Tempo Chess"]
[Site "SchemingMind.com"]
[Date "2013.05.06"]
[Round "-"]
[White "Holty"]
[Black "PunditX"]
[Result "0-1"]
[WhiteCountry "ENG"]
[BlackCountry "PHI"]
[WhiteElo "1624"]
[WhiteRD "59"]
[BlackElo "2212"]
[BlackRD "95"]
[GameID "331463"]

1. d4 Nf6 2. Nf3 e6 3. e3 d5 4. Bd3 c5 5. c3 Nc6 6. O-O Be7 7. Nbd2 O-O 8. Re1 b6 9. e4 cxd4 10. cxd4 dxe4
11. Nxe4 Bb7 12. Be3 Nb4 13. Nxf6+ Bxf6 14. Be2 Rc8 15. Rf1 Bxf3 16. Bxf3 Nc2 17. Rc1 Nxd4 18. Bxd4 Rxc1 19. Qxc1 Bxd4 20. b4 Qd6
21. a3 a5 22. b5 g6 23. a4 Rd8 24. Rd1 e5 25. g3 Qe6 26. Bg2 Qa2 27. Qc7 Bxf2+
0-1

[Event "Slighty Up-Tempo Chess"]
[Site "SchemingMind.com"]
[Date "2013.05.11"]
[Round "-"]
[White "SAMAEL"]
[Black "emvarela"]
[Result "1-0"]
[WhiteCountry "CAN"]
[BlackCountry "ARG"]
[WhiteElo "1742"]
[WhiteRD "59"]
[BlackElo "1761"]
[BlackRD "48"]
[GameID "331492"]

1. e4 e5 2. Nf3 Nc6 3. Nc3 Nf6 4. Be2 d6 5. d3 Be7 6. O-O O-O 7. h3 h6 8. a3 a6 9. Be3 b5 10. Na2 d5
11. exd5 Nxd5 12. Bd2 Bf6 13. c3 Be6 14. Nh2 Bg5 15. Bxg5 Qxg5 16. Bg4 Bxg4 17. Nxg4 Nce7 18. Re1 f6 19. Nb4 Nxb4 20. axb4 h5
21. Ne3 Rfd8 22. Qe2 Nd5 23. Nxd5 Rxd5 24. Red1 Qf5 25. Rd2 Rad8 26. Rad1 g5 27. d4 Kf7 28. Qxh5+ Qg6 29. Qe2 exd4 30. cxd4 Re8
31. Qd3 f5 32. Kf1 Qf6 33. Rc1 Re7 34. Rc5 Qe6 35. Re2 Qxe2+ 36. Qxe2 Rxe2 37. Kxe2 Rxc5 38. dxc5 Ke6 39. Ke3 Ke5 40. g3 c6
41. f4+ Kf6 42. h4 g4 43. Kd4 Ke6 44. h5 Kf6 45. h6
1-0

[Event "Slighty Up-Tempo Chess"]
[Site "SchemingMind.com"]
[Date "2013.05.11"]
[Round "-"]
[White "emvarela"]
[Black "SAMAEL"]
[Result "1/2-1/2"]
[WhiteCountry "ARG"]
[BlackCountry "CAN"]
[WhiteElo "1761"]
[WhiteRD "48"]
[BlackElo "1742"]
[BlackRD "59"]
[GameID "331495"]

1. e4 e5 2. Nf3 Nc6 3. Bb5 d6 4. d4 exd4 5. Nxd4 Bd7 6. Nc3 a6 7. Bxc6 Bxc6 8. Nxc6 bxc6 9. O-O Nf6 10. Bg5 Be7
11. Bxf6 Bxf6 12. Qd3 O-O 13. Rad1 Qc8 14. f4 Rb8 15. b3 Re8 16. Ne2 Qb7 17. c4 c5 18. Ng3 g6 19. Qd5 Qxd5 20. exd5 h5
21. Rfe1 Kf8 22. f5 Rxe1+ 23. Rxe1 Re8 24. Rxe8+ Kxe8 25. fxg6 fxg6 26. Ne4 Ke7 27. Nxf6 Kxf6 28. Kf2 Ke5 29. Ke3 g5 30. a4 a5
31. g3 g4 32. Kd3 Kf5 33. Ke3 Ke5 34. Kd3=
1/2-1/2

[Event "Slighty Up-Tempo Chess"]
[Site "SchemingMind.com"]
[Date "2013.05.19"]
[Round "-"]
[White "Phillip Beckett"]
[Black "PunditX"]
[Result "0-1"]
[WhiteCountry "ENG"]
[BlackCountry "PHI"]
[WhiteElo "1588"]
[WhiteRD "47"]
[BlackElo "2328"]
[BlackRD "79"]
[GameID "332081"]

1. e4 c5 2. Nf3 d6 3. d4 cxd4 4. Nxd4 Nf6 5. Nc3 a6 6. Be2 e5 7. Nb3 Be7 8. O-O O-O 9. Kh1 Qc7 10. g4 Be6
11. g5 Nfd7 12. Nd5 Bxd5 13. exd5 f5 14. gxf6 Nxf6 15. Be3 b5 16. Rg1 Nbd7 17. a4 b4 18. Bg4 Nxg4 19. Rxg4 a5 20. Qd3 Nf6
21. Rc4 Qd7 22. f3 Qh3 23. Bg5 Ne4 24. Rxe4 Bxg5 25. Rf1 Bf4 26. Qe2 Qd7 27. Ra1 Rf6 28. Nd2 Raf8 29. Rc4 Bxd2 30. Qxd2 Rxf3
31. Rg1 g6 32. Qh6 Qf7 33. Rcg4 Rf1 34. h4 Qxd5+ 35. Rg2 Qe4 36. h5 Qh4+ 37. Rh2 Rxg1+ 38. Kxg1 Qe1+ 39. Kg2 Qf2+ 40. Kh3 Rf3+
41. Kg4 Qg3#
0-1

[Event "Slighty Up-Tempo Chess"]
[Site "SchemingMind.com"]
[Date "2013.05.19"]
[Round "-"]
[White "PunditX"]
[Black "Phillip Beckett"]
[Result "1-0"]
[WhiteCountry "PHI"]
[BlackCountry "ENG"]
[WhiteElo "2328"]
[WhiteRD "79"]
[BlackElo "1588"]
[BlackRD "47"]
[GameID "332082"]

1. e4 e5 2. Nf3 Nc6 3. Bb5 a6 4. Ba4 Nf6 5. O-O Be7 6. Re1 b5 7. Bb3 O-O 8. c3 d6 9. d4 Bg4 10. Be3 exd4
11. cxd4 Na5 12. Bc2 c5 13. h3 Bh5 14. g4 Bg6 15. Nbd2 Nd7 16. Qe2 c4 17. d5 Bf6 18. Nd4 Qb8 19. f4 h6 20. b4 cxb3
21. axb3 Nb7 22. Rac1 Bxd4 23. Bxd4 Rc8 24. h4 Qc7 25. Nf3 Bh7 26. Qg2 Nf8 27. h5 Qe7 28. g5 hxg5 29. Nxg5 Nc5 30. Nxh7 Kxh7
31. Qxg7#
1-0

[Event "Slighty Up-Tempo Chess"]
[Site "SchemingMind.com"]
[Date "2013.05.27"]
[Round "-"]
[White "Ebanon "]
[Black "Black Five"]
[Result "1-0"]
[WhiteCountry "ESP"]
[BlackCountry "WLS"]
[WhiteElo "2311"]
[WhiteRD "68"]
[BlackElo "1836"]
[BlackRD "103"]
[GameID "332348"]

1. e4 c5 2. Nf3 d6 3. d4 cxd4 4. Nxd4 Nf6 5. Nc3 Nc6 6. f4 Qb6 7. Nb3 Bg4 8. Be2 Bxe2 9. Qxe2 e6 10. Be3 Qc7
11. g4 b6 12. g5 Nd7 13. Nb5 Qb7 14. O-O-O O-O-O 15. Rxd6 Kb8 16. Rhd1 Be7 17. Qc4 Nc5 18. Bxc5 bxc5 19. Nxc5 Qc8 20. Nd7+ Kb7
21. Nxa7 Nxa7 22. Qb4+
1-0

[Event "Slighty Up-Tempo Chess"]
[Site "SchemingMind.com"]
[Date "2013.05.27"]
[Round "-"]
[White "Black Five"]
[Black "Ebanon "]
[Result "0-1"]
[WhiteCountry "WLS"]
[BlackCountry "ESP"]
[WhiteElo "1836"]
[WhiteRD "103"]
[BlackElo "2311"]
[BlackRD "68"]
[GameID "332352"]

1. d4 Nf6 2. c4 g6 3. Nc3 d5 4. Nf3 Bg7 5. Qb3 dxc4 6. Qxc4 O-O 7. e4 a6 8. Be2 b5 9. Qb3 c5 10. dxc5 Bb7
11. e5 Nfd7 12. e6 Nxc5 13. exf7+ Rxf7 14. Qc2 Nc6 15. a3 Rxf3 16. gxf3 Nd4 17. Qd1 Qf8 18. O-O Nxf3+ 19. Bxf3 Bxf3 20. Qc2 Qc8
0-1

[Event "Slighty Up-Tempo Chess"]
[Site "SchemingMind.com"]
[Date "2013.06.18"]
[Round "-"]
[White "Ebanon "]
[Black "PunditX"]
[Result "0-1"]
[WhiteCountry "ESP"]
[BlackCountry "PHI"]
[WhiteElo "2328"]
[WhiteRD "71"]
[BlackElo "2478"]
[BlackRD "69"]
[GameID "333332"]

1. e4 c5 2. Nf3 d6 3. d4 cxd4 4. Nxd4 Nf6 5. Nc3 g6 6. Be3 Bg7 7. f3 O-O 8. Qd2 Nc6 9. O-O-O d5 10. exd5 Nxd5
11. Nxc6 bxc6 12. Bd4 Bxd4 13. Qxd4 Qb6 14. Nxd5 cxd5 15. Qxb6 axb6 16. a3 Rd8 17. Rd4 e5 18. Rb4 Rd6 19. Bb5 Ra7 20. Re1 f6
21. c3 Kg7 22. Kd2 Rc7 23. a4 Be6 24. Rd1 Rc8 25. Ke2 Rcd8 26. h3 Bf5 27. g4 Be6 28. h4 h6 29. h5 gxh5 30. gxh5 Kf7
31. Kf2 Ke7 32. Rg1= Rg8 33. Rxg8 Bxg8
0-1

[Event "Slighty Up-Tempo Chess"]
[Site "SchemingMind.com"]
[Date "2013.06.18"]
[Round "-"]
[White "PunditX"]
[Black "Ebanon "]
[Result "1-0"]
[WhiteCountry "PHI"]
[BlackCountry "ESP"]
[WhiteElo "2478"]
[WhiteRD "69"]
[BlackElo "2328"]
[BlackRD "71"]
[GameID "333338"]

1. e4 c5 2. Nf3 d6 3. d4 cxd4 4. Nxd4 Nf6 5. Nc3 a6 6. Be3 e5 7. Nb3 Be6 8. f3 Be7 9. Qd2 O-O 10. O-O-O Nbd7
11. g4 b5 12. g5 b4 13. Ne2 Ne8 14. h4 a5 15. Kb1 a4 16. Nbc1 Nb6 17. Ng3 d5 18. Bxb6 Qxb6 19. exd5 Rd8 20. Bc4 Nc7
21. dxe6 Rxd2 22. exf7+ Kh8 23. Rxd2 Qc5 24. b3 axb3 25. Bxb3 Nb5= 26. Ne4 Qa7 27. Nd3 Qd4 28. Nb2 Nc3+ 29. Ka1 Qa7 30. Nc4 Nxe4
31. fxe4 Bc5 32. h5 Bd4+ 33. Kb1
1-0

[Event "Slighty Up-Tempo Chess"]
[Site "SchemingMind.com"]
[Date "2013.06.25"]
[Round "-"]
[White "Clive Everill"]
[Black "simpet"]
[Result "0-1"]
[WhiteCountry "CZE"]
[BlackCountry "ENG"]
[WhiteElo "1712"]
[WhiteRD "56"]
[BlackElo "1688"]
[BlackRD "56"]
[GameID "333692"]

1. Nf3 c5 2. d4 cxd4 3. Nxd4 Nc6 4. c4 Nf6 5. Nc3 e6 6. g3 a6 7. Bg2 Bc5 8. Nc2 Ng4 9. e3 f5 10. a3 O-O
11. O-O d6 12. Na4 Ba7 13. b4 e5 14. Bb2 f4 15. h3 Nf6 16. exf4 exf4 17. gxf4 Be6 18. Bd5 Nxd5 19. cxd5 Bxh3 20. dxc6 Rxf4
21. Qd5+ Kf8 22. Bd4 bxc6 23. Qc4 Qg5+ 24. Kh1 Qg2#
0-1

[Event "Slighty Up-Tempo Chess"]
[Site "SchemingMind.com"]
[Date "2013.06.25"]
[Round "-"]
[White "simpet"]
[Black "Clive Everill"]
[Result "0-1"]
[WhiteCountry "ENG"]
[BlackCountry "CZE"]
[WhiteElo "1688"]
[WhiteRD "56"]
[BlackElo "1712"]
[BlackRD "56"]
[GameID "333696"]

1. e4 e6 2. Nf3 b6 3. Bc4 Bb7 4. d3 Nc6 5. Bg5 Be7 6. Bxe7 Ngxe7 7. a3 O-O 8. Nc3 Na5 9. Ba2 d5 10. O-O c5
11. exd5 Nxd5 12. Ne5 Nxc3 13. bxc3 Qg5 14. Nf3 Qf6 15. d4 Rfd8 16. Qd2 Bxf3 17. gxf3 Qxf3 18. Rae1 cxd4 19. cxd4 Qxa3 20. c3 Rac8
21. Re3 Qe7 22. f4 Nc4 23. Bxc4 Rxc4 24. Qe2 Rc7 25. Rg3 g6 26. Qf2 f5 27. Re1 Rd5 28. Ra1 a5 29. Ra4 Qd7 30. Qc2 Rxd4
31. Rxd4 Qxd4+ 32. Kf1 Qxf4+
0-1

[Event "Slighty Up-Tempo Chess"]
[Site "SchemingMind.com"]
[Date "2013.07.21"]
[Round "-"]
[White "kenneth m day"]
[Black "SAMAEL"]
[Result "1/2-1/2"]
[WhiteCountry "USA"]
[BlackCountry "CAN"]
[WhiteElo "1807"]
[WhiteRD "52"]
[BlackElo "1650"]
[BlackRD "62"]
[GameID "335224"]

1. e4 e5 2. Nf3 Nc6 3. c3 Nf6 4. d4 d6 5. h3 h6 6. dxe5 Nxe4 7. Be3 Be7 8. Qd5 Ng5 9. Nbd2 Be6 10. Qb5 Rb8
11. O-O-O a6 12. Qa4 O-O 13. h4 Nxf3 14. Nxf3 Bd7 15. Qf4 Qc8 16. exd6 Bxd6 17. Qc4 Be6 18. Qa4 Bd7 19. Qc2 Re8 20. Bc4 Be6
21. Bb3 Bxb3 22. Qxb3 Qe6 23. Qxe6 Rxe6 24. Rhe1 Rbe8 25. g3 Ne5 26. Nd4 R6e7 27. Nf5 Re6 28. Nxd6 cxd6 29. Rd2 Nf3 30. Red1 Nxd2
31. Rxd2 f6 32. Kc2 Kf7 33. Rd3 g5 34. hxg5 hxg5 35. Kd2 Kg6 36. Ke2 f5 37. Kf3 g4+ 38. Ke2 Rc8 39. Kd2 b5 40. b3 Rd8
41. Bf4 d5 42. Be3 Rc6 43. Bd4 a5 44. Be3 Kf6 45. Bd4+ Ke6 46. Re3+ Kf7 47. Re5 Kg6 48. Kd3 b4 49. Kd2 bxc3+ 50. Bxc3 Rdc8
51. Bxa5 Rc2+ 52. Kd3 Rxa2 53. Bb6 Rc6 54. Bd4 Rcc2 55. Rxd5 Rd2+ 56. Kc3 Rac2+ 57. Kb4 Rd3 58. Rd6+ Kh5 59. Rd5 Rxd4+ 60. Rxd4 Rxf2
61. Rd3 Rf3 62. Kc4 Rxd3 63. Kxd3 f4 64. gxf4 Kh4 65. f5 Kg5 66. f6 Kxf6 67. Ke3 Ke5 68. b4=
1/2-1/2

[Event "Slighty Up-Tempo Chess"]
[Site "SchemingMind.com"]
[Date "2013.07.21"]
[Round "-"]
[White "SAMAEL"]
[Black "kenneth m day"]
[Result "1-0"]
[WhiteCountry "CAN"]
[BlackCountry "USA"]
[WhiteElo "1672"]
[WhiteRD "57"]
[BlackElo "1758"]
[BlackRD "53"]
[GameID "335226"]

1. Nf3 d5 2. h3 Nf6 3. d4 e6 4. e3 c5 5. Be2 Nc6 6. Nc3 Be7 7. O-O O-O 8. Bd2 b6 9. a3 Bb7 10. dxc5 Bxc5
11. Na2 Qc7 12. Rc1 a6 13. c3 Ne4 14. Nd4 Nxd4 15. cxd4 Qe7 16. dxc5 bxc5 17. Nc3 Nxd2 18. Qxd2 Qg5 19. f4 Qg3 20. Bf3 f5
21. Qf2 Qg6 22. Ne2 Rac8 23. Qg3 Qh6 24. h4 Rf6 25. Qg5 Rg6 26. Qxh6 Rxh6 27. g3 c4 28. Rc3 Rf8 29. Nd4 Rff6 30. Kf2 Rf8
31. Rb1 Re8 32. b3 Rf6 33. bxc4 Ba8 34. cxd5 exd5 35. Rc5 Rd8 36. Rbc1 Rfd6 37. Nxf5 R6d7 38. Rc8 Bb7 39. Rxd8+ Rxd8 40. Rc7 Ba8
41. Nxg7
1-0

[Event "Slighty Up-Tempo Chess"]
[Site "SchemingMind.com"]
[Date "2013.11.08"]
[Round "-"]
[White "Clive Everill"]
[Black "SAMAEL"]
[Result "0-1"]
[WhiteCountry "CZE"]
[BlackCountry "CAN"]
[WhiteElo "1702"]
[WhiteRD "52"]
[BlackElo "1721"]
[BlackRD "68"]
[GameID "341550"]

1. e4 e5 2. f4 d6 3. Nf3 exf4 4. d4 h6 5. Bxf4 Nf6 6. Nc3 a6 7. Be2 Be7 8. Qd2 Nc6 9. a3 Bd7 10. O-O-O Na7
11. h3 Nh7 12. h4 c6 13. Bxh6 gxh6 14. Qxh6 Bf8 15. Qf4 Qf6 16. Qh2 O-O-O 17. Rhf1 Bh6+ 18. Kb1 Qg6 19. Bd3 Qe6 20. d5 Qe7
21. dxc6 Bxc6 22. Qg1 Kb8 23. Qb6 Qc7 24. Qd4 f6 25. Nd5 Bxd5 26. Qxd5 Rhe8 27. Nd4 Nf8 28. Rxf6 Bg7 29. Rf7 Re7 30. Rdf1 Bxd4
31. Rxe7 Qxe7 32. Qxd4 Nc6 33. Qb6 Nd7 34. Qb3 Nc5 35. Qd5 Nxd3 36. cxd3 Qxh4 37. Rf7 Qg4 38. Qb3 Rd7 39. Rxd7 Qxd7 40. Qd1 Ne5
41. d4 Qg4 42. Qc2 Nd7 43. b4 Nf6 44. e5 dxe5 45. dxe5 Ne8 46. Qb2 Qc4 47. g3 Qd3+ 48. Ka2 Qxg3 49. Qd4 Qg8+ 50. Kb2 Kc8
51. Qc5+ Nc7 52. a4 Qg2+ 53. Kb3 Qd5+ 54. Qxd5 Nxd5 55. Kc4 Ne7 56. Kc5 Kc7 57. e6 b6+ 58. Kc4 Kd6 59. b5 a5 60. Kd4 Kxe6
61. Kc4 Kd6 62. Kd4 Nc8 63. Kc4 Ke5 64. Kd3 Kd5 65. Kc3 Kc5 66. Kb3 Kd4 67. Ka3 Kc3 68. Ka2 Kb4
0-1

[Event "Slighty Up-Tempo Chess"]
[Site "SchemingMind.com"]
[Date "2013.11.08"]
[Round "-"]
[White "SAMAEL"]
[Black "Clive Everill"]
[Result "1/2-1/2"]
[WhiteCountry "CAN"]
[BlackCountry "CZE"]
[WhiteElo "1721"]
[WhiteRD "68"]
[BlackElo "1702"]
[BlackRD "52"]
[GameID "341551"]

1. e4 c5 2. Nf3 d6 3. Nc3 e6 4. d3 Nc6 5. h3 Nf6 6. Be2 Be7 7. O-O b6 8. a3 Bb7 9. Bd2 a6 10. Nh2 Nd4
11. f3 Nxe2+ 12. Qxe2 O-O 13. b3 Nh5 14. Rfc1 Ng3 15. Qd1 d5 16. Ne2 Bh4 17. Nxg3 Bxg3 18. Nf1 Bd6 19. c4 d4 20. Be1 f5
21. Bf2 fxe4 22. fxe4 Qf6 23. Qe1 Rae8 24. Ra2 Bc8 25. Re2 Qg6 26. Kh1 Qh6 27. Rd1 e5 28. Qd2 Qg6 29. Nh2 Re7 30. Rg1 Ref7
31. a4 Be7 32. Qe1 Qh5 33. Rf1 Bg5 34. Bg3 Bf4 35. Bxf4 Rxf4 36. Ref2 Rxf2 37. Rxf2 Rxf2 38. Qxf2 Qd1+ 39. Qf1 Qxb3 40. Nf3 Qxa4
41. Nxe5 Qe8 42. Nf3 b5 43. cxb5 axb5 44. Qc1 Qe7 45. Nxd4 Bd7 46. Nf3 Qf8 47. Qf1 b4 48. Qd1 Bb5 49. Kg1 Qf4 50. Ne1 Qe3+
51. Kh1 Qd4 52. Qf3 Qc3 53. Qe3 b3 54. Qg3 Bxd3 55. Nxd3 c4 56. Qb8+ Kf7 57. Qc7+ Ke8 58. Qc6+ Ke7 59. Qc7+ Ke8=
1/2-1/2

[Event "Slighty Up-Tempo Chess"]
[Site "SchemingMind.com"]
[Date "2014.01.12"]
[Round "-"]
[White "SAMAEL"]
[Black "PunditX"]
[Result "0-1"]
[WhiteCountry "CAN"]
[BlackCountry "PHI"]
[WhiteElo "1737"]
[WhiteRD "65"]
[BlackElo "2569"]
[BlackRD "76"]
[GameID "345345"]

1. Nf3 d5 2. e3 Nf6 3. Be2 c5 4. d4 Nc6 5. O-O Bg4 6. h3 Bxf3 7. Bxf3 cxd4 8. exd4 e6 9. Nc3 Bd6 10. Be3 O-O
11. a3 Rc8 12. Na2 Na5 13. c3 Ne4 14. Bxe4 dxe4 15. Qc2 f5 16. Rad1 Bb8 17. Nc1 Qd6 18. g3 f4 19. gxf4 Rxf4 20. Kg2 Rg4+
0-1

[Event "Slighty Up-Tempo Chess"]
[Site "SchemingMind.com"]
[Date "2014.01.12"]
[Round "-"]
[White "PunditX"]
[Black "SAMAEL"]
[Result "1-0"]
[WhiteCountry "PHI"]
[BlackCountry "CAN"]
[WhiteElo "2569"]
[WhiteRD "76"]
[BlackElo "1737"]
[BlackRD "65"]
[GameID "345346"]

1. e4 e5 2. Nf3 d6 3. d4 exd4 4. Nxd4 Nf6 5. Nc3 Be7 6. g3 a6 7. Bg2 O-O 8. O-O Bd7 9. Re1 Re8 10. Bf4 h6
11. Rb1 Nc6 12. Nxc6 Bxc6 13. e5 dxe5 14. Bxc6 bxc6 15. Bxe5 Bd6 16. Bd4 c5 17. Rxe8+ Nxe8 18. Be3 Nf6 19. Qf3 Rb8 20. b3 Qe7
21. Nd5 Nxd5 22. Qxd5 Qe6 23. Rd1 Kf8 24. Bxc5 Qxd5 25. Rxd5 Ke7 26. Bxd6+ cxd6 27. c4 Rc8 28. Ra5 Rc6 29. Kg2 g6 30. g4 f6
31. h4 Kd7 32. f4 Kc7 33. h5 Kb6 34. Rd5 gxh5 35. Rxh5
1-0